Boys Don't Cry - The Cure (All Lyrics) - Statistics

General Stats
  • This quiz has been taken 105 times
  • The average score is 154 of 199
Answer Stats
Answer % Correct
boys
100%
Boys
100%
do
100%
don't
100%
I
100%
cry
99%
But
94%
my
94%
you
93%
it
91%
'Cause
90%
in
90%
to
90%
that
88%
That
88%
the
88%
if
87%
If
87%
would
87%
eyes
85%
I'm
85%
So,
85%
your
85%
know
84%
tears
82%
thought
82%
Thought
82%
all
79%
about
78%
say
78%
too
78%
Hiding
76%
it's
76%
by
75%
sorry
75%
for
73%
no
73%
laugh
72%
change
70%
with
70%
up
69%
and
67%
And
67%
Cover
67%
try
67%
lies
66%
mind
66%
side
58%
tell
58%
away
57%
late
57%
on
57%
stay
57%
far
55%
get
55%
just
55%
already
54%
gone
54%
loved
54%
can
52%
Pushed
52%
back
51%
much
51%
now
51%
Now
51%
this
51%
Took
51%
said
49%
time
49%
granted
48%
have
48%
limit
48%
use
48%
anything
46%
Been
46%
down
46%
keep
46%
nothing
46%
you've
46%
at
45%
unkind
45%
me
40%
there's
40%
break
39%
feet
36%
forgiveness
36%
most
36%
beg
34%
laughing
34%
Misjudged
31%
more,
30%
more
30%
Plead
30%
needed
27%
No matching quizzes found
Score Distribution
Percent of People with Each Score
Percentile by Number Answered
Your Score History
You have not taken this quiz